A book o poetry

Сохранить в:
Библиографические подробности
Главный автор: Clare, Teresa
Формат:
Язык:Undetermined
Опубликовано: New York, Estados Unidos Macmillan Co. 1960
Предметы:
Метки: Добавить метку
Нет меток, Требуется 1-ая метка записи!

MARC

LEADER 00000nam a2200000Ia 4500
008 170316s9999 xx 000 0 und d
999 |c 5473  |d 5473 
040 |a cru BVZT 
090 |a 810 C-10a 
100 |a Clare, Teresa 
245 2 |a A book o poetry  |c / Teresa Clare  
260 |a New York, Estados Unidos  |b Macmillan Co.  |c 1960 
300 |a 196 páginas 
650 |a LITERATURA ESTADOUNIDENSE  |9 25 
650 |a POESÍA  |9 18 
942 |c 15 D  |h 810 C-10a  |2 z